Football Les clubs avec le plus de podiums en Ligue 1 au 21ème siècle - Statistiques

Statistiques générales
  • Ce quiz a été pris 294 fois
  • Le résultat moyen est 8 sur 10
Statistiques - réponses
Nombre de podiums Années Club % Correct
16 2001-2011/2013/2015/2016/2018/2019 OL
98%
10 2003/2007-2011/2013/2020/2022/2023 OM
95%
13 2004/2013-2023 PSG
94%
10 2003-2005/2014-2018/2021/2022 Monaco
88%
8 2001/2005/2006/2011/2012/2014/2019/2021 Lille
86%
2 2002/2023 Lens
76%
3 2006/2008/2009 Bordeaux
75%
1 2012 Montpellier
67%
1 2001 Nantes
56%
2 2002/2010 Auxerre
51%
Aucun quiz correspondant
Distribution des résultats
% des personnes avec chaque résultat
Percentile par nombre de réponses
Votre historique - résultats
Vous n’avez pas pris ce quiz